000 00232nam a2200097Ia 4500
008 120527s9999 xx 000 0 und d
100 _aSMALLEY,Gill. Etal
245 _aCinema for Spanish Conversation
260 _bFocus
942 _cBK
999 _c25440
_d25440